Online
Catalog

Las lanzas coloradas / (Record no. 7686)

MARC details
000 -CABECERA
campo de control de longitud fija 00643nam a2200193 a 4500
001 - NÚMERO DE CONTROL
campo de control 000007908
005 - FECHA Y HORA DE LA ÚLTIMA TRANSACCIÓN
campo de control 20200929154339.0
008 - DATOS DE LONGITUD FIJA--INFORMACIÓN GENERAL
campo de control de longitud fija 960117s1990 cu b 001 1 spa
040 ## - FUENTE DE LA CATALOGACIÓN
Centro catalogador/agencia de origen DO-SdBNP
Lengua de catalogación spa
Centro/agencia transcriptor BNPHU
082 ## - NÚMERO DE LA CLASIFICACIÓN DECIMAL DEWEY
Número de clasificación V863.4
Número de documento/Ítem U86L
100 1# - ENTRADA PRINCIPAL--NOMBRE DE PERSONA
Nombre de persona Uslar Pietri, Arturo,
9 (RLIN) 9224
245 14 - MENCIÓN DE TÍTULO
Título Las lanzas coloradas /
Mención de responsabilidad, etc. Arturo Uslar Pietri.
260 ## - PUBLICACIÓN, DISTRIBUCIÓN, ETC.
Lugar de publicación, distribución, etc. La Habana :
Nombre del editor, distribuidor, etc. Casa de las Américas,
Fecha de publicación, distribución, etc. 1990.
300 ## - DESCRIPCIÓN FÍSICA
Extensión 241 [32] p. ;
Dimensiones 20 cm.
490 0# - MENCIÓN DE SERIE
Mención de serie Literatura Latinoaméricana
650 #4 - PUNTO DE ACCESO ADICIONAL DE MATERIA--TÉRMINO DE MATERIA
Término de materia o nombre geográfico como elemento de entrada Novela venezolana
9 (RLIN) 3962
650 #4 - PUNTO DE ACCESO ADICIONAL DE MATERIA--TÉRMINO DE MATERIA
Término de materia o nombre geográfico como elemento de entrada Literatura venezolana
9 (RLIN) 3816
651 #4 - PUNTO DE ACCESO ADICIONAL DE MATERIA--NOMBRE GEOGRÁFICO
Nombre geográfico Venezuela
Subdivisión general Historia
Subdivisión cronológica GUERRA DE LA INDEPENDENCIA, 1810-1823
Subdivisión general Novela
9 (RLIN) 21691
Holdings
Estado de retiro Estado de pérdida Restricciones de uso No para préstamo Código de colección Localización permanente Ubicación/localización actual Ubicación en estantería Fecha de adquisición Número de inventario Total de préstamos Signatura topográfica completa Código de barras Fecha visto por última vez Precio válido a partir de Tipo de ítem Koha Número de copia
      Excluido de préstamo Monografías: Libros y Folletos General General Depósito 11.09.2009 LF1   V863.4 U86L 7908-10 25.06.2020 25.06.2020 No se presta  
  Extraviado   Excluido de préstamo Monografías: Libros y Folletos General General Extraviado 04.04.2017 LF1   V863.4 U86L 7908-20 25.06.2020 25.06.2020 No se presta e. 2

Powered by Koha